Word Ladder: Apollo 11 Quiz Stats

 Plays Quiz Updated Jun 6, 2017

Support Sporcle.
Go Orange.
Score 0/30 Timer 03:00
0 Plays Today
Hint 4-Letter Word % Correct
A pig's is curlyTAIL
98.1%
● Armstrong of Apollo 11 β—πŸŒ™ NEILπŸŒ™
97.8%
● Destination of Apollo 11 β—πŸš€ MOON πŸš€
97.5%
Hammer's targetNAIL
97.3%
Screwdriver or wrench, e. g.TOOL
95.8%
Athletic shoe companyNIKE
95.3%
African riverNILE
94.7%
CreateMAKE
94.2%
● Apollo 11 agency β—πŸš€ NASA πŸš€
93.3%
No ifs, ands, or ____BUTS
93.1%
Angel food or red velvet, e. g.CAKE
92.9%
Work hardTOIL
92.8%
Roger Rabbit, e.g.TOON
92.5%
Nocturnal flying mammalsBATS
91.9%
● Collins of Apollo 11, for short β—πŸŒ™ MIKEπŸŒ™
91.7%
Hint 4-Letter Word % Correct
House, en EspaΓ±olCASA
91.4%
Gallbladder liquidBILE
90.8%
● Aldrin of Apollo 11 β—πŸŒ™ BUZZ πŸŒ™
89.2%
Peach coveringFUZZ
86.7%
Emotion or feelingMOOD
86%
Deep voiceBASS
84%
Musician Neko ____CASE
83.8%
Type of fungusMOLD
76.6%
Moves something into placePUTS
75.9%
Raucous partyBASH
70.6%
'A Beautiful Mind' subjectNASH
68.7%
Slang for fool (Yiddish origin)PUTZ
68.6%
With 'around', to pass time idlyFUTZ
66.9%
6.022 x 10^23MOLE
65.1%
Tree trunkBOLE
64.6%

Today's Daily Dose

Missing Word
FPS Games (A-Z)

Quick Pick
Cartoon Lions

Get the Picture
5, 6, 7, or 8 Movies

You're not logged in!

Compare scores with friends on all Sporcle quizzes.
OR
Log In
Forgot?

From the Vault

Commonest Words in 'The Hobbit'

by MrChewypoo

In honor of The Hobbit part 1, we thought we'd look back on the book it's based on.
Remove Ads.
Support Sporcle.
Get the best of Sporcle when you Go Orange. This ad-free experience offers more features, more stats, and more fun while also helping to support Sporcle. Thank you for becoming a member.

Show Comments

Extras

Top Quizzes Today


Score Distribution

Your Account Isn't Verified!

In order to create a playlist on Sporcle, you need to verify the email address you used during registration. Go to your Sporcle Settings to finish the process.

Report this User

Report this user for behavior that violates our Community Guidelines.

Details: